[Event "ODEM U25B 2011"]
[Site "Oberhof GER"]
[Date "2011.06.14"]
[Round "4"]
[White "Herrmann, Heribert"]
[Black "Nobis, Philipp"]
[Result "1/2-1/2"]
[Termination "normal"]
[Board "2"]
[WhiteElo "1274"]
[BlackElo "1396"]
[PlyCount "91"]
[WhiteFideId "12971715"]
[BlackFideId "24602183"]
[EventCountry "GER"]
[EventRounds "9"]
[EventType "swiss"]
[EventDate "2011.06.11"]

1. Nf3 d5 2. e3 Nf6 3. c4 c6 4. Nc3 e6 5. b3 Nbd7 6. Bb2 Bd6 7. cxd5 exd5 8. g3
O-O 9. Bg2 Re8 10. O-O Ne5 11. Qc2 Nxf3+ 12. Bxf3 Bh3 13. Bg2 Qd7 14. Rfe1 Bxg2
15. Kxg2 Be5 16. f4 Bxc3 17. Qxc3 Qf5 18. d3 Qg6 19. Rad1 Qh6 20. h3 Nd7 21. e4
dxe4 22. dxe4 Nb6 23. Rd2 Qg6 24. Rde2 Rad8 25. a4 f6 26. e5 Nd5 27. Qc4 b5 28.
Qe4 Qxe4+ 29. Rxe4 fxe5 30. fxe5 b4 31. e6 a5 32. Rf1 Rd6 33. Rf7 Nc3 34. Rg4
g6 35. Rh4 h5 36. Bxc3 bxc3 37. Rc4 Rdxe6 38. Rc7 Re2+ 39. Kf3 R8e3+ 40. Kf4
Re5 41. Rc8+ Kf7 42. Rc7+ Ke8 43. Kf3 R2e3+ 44. Kf2 Re2+ 45. Kf1 c2 46. R7xc6
1/2-1/2

[Event "ODEM U25B 2011"]
[Site "Oberhof GER"]
[Date "2011.06.14"]
[Round "4"]
[White "Oberhofer, Cédric"]
[Black "Kololli, Martin"]
[Result "1/2-1/2"]
[Termination "normal"]
[Board "4"]
[WhiteElo "1409"]
[BlackElo "1553"]
[PlyCount "25"]
[WhiteFideId "12941220"]
[BlackFideId "12936910"]
[EventCountry "GER"]
[EventRounds "9"]
[EventType "swiss"]
[EventDate "2011.06.11"]

1. e4 e5 2. Nf3 Nc6 3. Bb5 a6 4. Ba4 d6 5. c3 Bd7 6. O-O Be7 7. d4 Bf6 8. Be3
exd4 9. cxd4 Nge7 10. Nc3 O-O 11. h3 Ng6 12. Qd2 b5 13. Bb3 1/2-1/2

[Event "ODEM U25B 2011"]
[Site "Oberhof GER"]
[Date "2011.06.14"]
[Round "4"]
[White "Kempe, Markus"]
[Black "Wolf, Sascha"]
[Result "1-0"]
[Termination "normal"]
[Board "5"]
[WhiteElo "1468"]
[BlackElo "1358"]
[PlyCount "55"]
[WhiteFideId "24692638"]
[EventCountry "GER"]
[EventRounds "9"]
[EventType "swiss"]
[EventDate "2011.06.11"]

1. e4 g6 2. d4 d6 3. Nf3 Bg7 4. Nc3 Nc6 5. Bc4 Bg4 6. Be3 e5 7. d5 Nce7 8. h3
Bd7 9. Qd2 h6 10. g4 f5 11. gxf5 gxf5 12. Rg1 Bf6 13. exf5 Nxf5 14. O-O-O Nxe3
15. Qxe3 Bf5 16. Ne4 Be7 17. Bb5+ Bd7 18. Bd3 Nf6 19. Nfd2 Nxd5 20. Qg3 Be6 21.
Qg7 Rg8 22. Qxh6 Rxg1 23. Rxg1 Qd7 24. c4 Bf8 25. Qg5 Qc6 26. Kb1 Be7 27. Qh5+
Bf7 28. Qh8+ 1-0

[Event "ODEM U25B 2011"]
[Site "Oberhof GER"]
[Date "2011.06.14"]
[Round "4"]
[White "Buchallik, Jakob"]
[Black "Goujov, Alexander"]
[Result "0-1"]
[Termination "normal"]
[Board "6"]
[WhiteElo "1451"]
[BlackElo "1309"]
[PlyCount "94"]
[WhiteFideId "12945749"]
[EventCountry "GER"]
[EventRounds "9"]
[EventType "swiss"]
[EventDate "2011.06.11"]

1. e4 e6 2. d4 d5 3. exd5 exd5 4. Bd3 Bd6 5. Nf3 Nc6 6. c3 Bg4 7. Nbd2 Nge7 8.
Qc2 Qd7 9. O-O h6 10. Kh1 O-O 11. Ng1 Rae8 12. f3 Bf5 13. Nb3 Bxd3 14. Qxd3 Qf5
15. Qxf5 Nxf5 16. Bd2 Ne3 17. Rfe1 Nc4 18. Rxe8 Rxe8 19. Rb1 f5 20. g3 a5 21.
Re1 Rxe1 22. Bxe1 a4 23. Nd2 Nxb2 24. Nf1 Nd3 25. Bd2 Na5 26. Ne2 Nc4 27. Bf4
Bxf4 28. gxf4 Ne1 29. Nfg3 g6 30. Nf1 Nxf3 31. Kg2 Nfd2 32. Nc1 Nxf1 33. Kxf1
Nd2+ 34. Ke2 Ne4 35. Kd3 g5 36. Ne2 Kf7 37. c4 Ke6 38. a3 Kd6 39. c5+ Kc6 40.
Ke3 b6 41. cxb6 Kxb6 42. Ng1 g4 43. Ne2 Kb5 44. Kd3 h5 45. Ng3 h4 46. Ne2 g3
47. hxg3 h3 0-1

[Event "ODEM U25B 2011"]
[Site "Oberhof GER"]
[Date "2011.06.14"]
[Round "4"]
[White "Wolfer, Joshua"]
[Black "Müller, Philipp"]
[Result "1/2-1/2"]
[Termination "normal"]
[Board "7"]
[WhiteElo "1550"]
[BlackElo "1328"]
[PlyCount "68"]
[WhiteFideId "12945668"]
[EventCountry "GER"]
[EventRounds "9"]
[EventType "swiss"]
[EventDate "2011.06.11"]

1. e4 e5 2. Nf3 Nc6 3. Nc3 Nf6 4. Bc4 Bc5 5. d3 Na5 6. Nxe5 Nxc4 7. Nxc4 d6 8.
h3 a6 9. Be3 Ba7 10. O-O O-O 11. e5 dxe5 12. Nxe5 Be6 13. Bg5 h6 14. Bh4 g5 15.
Bg3 Kg7 16. Nf3 Kh7 17. Be5 Rg8 18. d4 Bf5 19. g4 Bg6 20. Qd2 Nd7 21. Bg3 c6
22. Rfe1 Qf6 23. Ne5 Nxe5 24. Bxe5 Qd8 25. Ne4 Bxe4 26. Rxe4 Qd5 27. Qd3 Rge8
28. Rf4+ Kg8 29. Rf6 Re6 30. Qf5 Rf8 31. Rxh6 Rxh6 32. Qxg5+ Rg6 33. Qh5 Rg7
34. Qh6 f6 1/2-1/2

[Event "ODEM U25B 2011"]
[Site "Oberhof GER"]
[Date "2011.06.14"]
[Round "4"]
[White "von Reppert, Marc"]
[Black "Hoppe, Andreas"]
[Result "1/2-1/2"]
[Termination "normal"]
[Board "8"]
[WhiteElo "1438"]
[BlackElo "1307"]
[PlyCount "46"]
[WhiteFideId "12918130"]
[BlackFideId "12922811"]
[EventCountry "GER"]
[EventRounds "9"]
[EventType "swiss"]
[EventDate "2011.06.11"]

1. d4 d5 2. c4 e6 3. Nc3 Nf6 4. Bg5 Be7 5. e3 Nc6 6. Bd3 Bd7 7. Nf3 dxc4 8.
Bxc4 O-O 9. O-O h6 10. Bf4 Nh5 11. Ne2 Nxf4 12. Nxf4 Bd6 13. Nd3 Ne7 14. Qb3
Bc8 15. Rfd1 b6 16. Nde5 Bb7 17. Rac1 Nd5 18. Ne1 c5 19. dxc5 Bxe5 20. e4 Qh4
21. Nf3 Bxh2+ 22. Nxh2 Qxe4 23. Re1 Qd4 1/2-1/2

[Event "ODEM U25B 2011"]
[Site "Oberhof GER"]
[Date "2011.06.14"]
[Round "4"]
[White "Eue, Vicky"]
[Black "Martin, Raphael"]
[Result "0-1"]
[Termination "normal"]
[Board "9"]
[WhiteElo "1296"]
[BlackElo "1431"]
[PlyCount "124"]
[WhiteFideId "12945838"]
[BlackFideId "12952036"]
[EventCountry "GER"]
[EventRounds "9"]
[EventType "swiss"]
[EventDate "2011.06.11"]

1. e4 e5 2. Nf3 Nc6 3. Bb5 a6 4. Ba4 Nf6 5. O-O Be7 6. Re1 b5 7. Bb3 O-O 8. c3
d6 9. h3 Re8 10. d4 Bb7 11. Nbd2 exd4 12. cxd4 Bf8 13. Ng5 Re7 14. Nf1 h6 15.
Nf3 Rxe4 16. Rxe4 Nxe4 17. Bc2 Nf6 18. Ng3 Qe7 19. Qd3 Nb4 20. Nf5 Nxd3 21.
Nxe7+ Bxe7 22. Bxd3 Re8 23. Be3 Nd5 24. Bd2 Bf6 25. Kf1 Nb6 26. Be3 Bxf3 27.
gxf3 Nd5 28. Re1 Nxe3+ 29. fxe3 c5 30. dxc5 dxc5 31. b3 Rd8 32. Rd1 c4 33. bxc4
bxc4 34. Bc2 Rxd1+ 35. Bxd1 c3 36. Ke2 Kf8 37. Kd3 Ke7 38. Kc4 Kd7 39. Kc5 Ke6
40. Bc2 Ke5 41. f4+ Ke6 42. Bb3+ Kf5 43. Bc2+ Ke6 44. Bb3+ Kd7 45. Kb6 Kd6 46.
Kxa6 Kc5 47. Kb7 Kb4 48. Kc6 Ka3 49. Kd7 Kb2 50. Ke8 c2 51. Bxc2 Kxc2 52. Kxf7
Kd3 53. Kg6 Kxe3 54. f5 Kf4 55. a4 Ke5 56. h4 Kd5 57. h5 Kc5 58. a5 Kb5 59. a6
Kxa6 60. Kf7 Kb5 61. Ke6 Kc4 62. Kd7 Kd5 0-1

[Event "ODEM U25B 2011"]
[Site "Oberhof GER"]
[Date "2011.06.14"]
[Round "4"]
[White "Stein, Daniel"]
[Black "Siegl, Adrian"]
[Result "0-1"]
[Termination "normal"]
[Board "10"]
[WhiteElo "1252"]
[BlackElo "1412"]
[PlyCount "92"]
[WhiteFideId "12939307"]
[BlackFideId "12930156"]
[EventCountry "GER"]
[EventRounds "9"]
[EventType "swiss"]
[EventDate "2011.06.11"]

1. e4 c5 2. Nf3 Nc6 3. d4 cxd4 4. Nxd4 Nf6 5. Nc3 e5 6. Ndb5 d6 7. Bg5 a6 8.
Na3 b5 9. Bxf6 gxf6 10. Nd5 Bg7 11. c3 O-O 12. Nc2 f5 13. exf5 Bxf5 14. Nce3
Bg6 15. Bd3 Ne7 16. Bxg6 fxg6 17. O-O Kh8 18. a4 Bh6 19. Nxe7 Qxe7 20. Nd5 Qb7
21. Qd3 bxa4 22. Rxa4 Qb5 23. Qxb5 axb5 24. Rxa8 Rxa8 25. Nb4 Kg7 26. Rd1 Kf7
27. Kf1 Ke6 28. Ke2 Rc8 29. Rd5 Rc5 30. Rxc5 dxc5 31. Nd3 Kd5 32. b4 cxb4 33.
cxb4 e4 34. Nc5 Bf8 35. Kd2 Bxc5 36. bxc5 Kxc5 37. Kc3 b4+ 38. Kb3 Kd4 39. Kxb4
Kd3 40. Kc5 Ke2 41. Kd4 Kxf2 42. Kxe4 Kxg2 43. h4 Kg3 44. h5 gxh5 45. Ke3 h4
46. Ke2 h3 0-1

[Event "ODEM U25B 2011"]
[Site "Oberhof GER"]
[Date "2011.06.14"]
[Round "4"]
[White "Denkert, Robert"]
[Black "Alt, Elisabeth"]
[Result "1/2-1/2"]
[Termination "normal"]
[Board "11"]
[WhiteElo "1220"]
[BlackElo "1402"]
[PlyCount "55"]
[WhiteFideId "12957216"]
[BlackFideId "24692620"]
[EventCountry "GER"]
[EventRounds "9"]
[EventType "swiss"]
[EventDate "2011.06.11"]

1. e4 c5 2. Nf3 Nc6 3. d4 cxd4 4. Nxd4 g6 5. Nc3 Bg7 6. Be3 Nf6 7. Bc4 Qa5 8.
f3 Qb4 9. Bb3 Nxe4 10. a3 Nxc3 11. axb4 Nxd1 12. Rxd1 Nxb4 13. c3 Nc6 14. Kf2
Nxd4 15. Bxd4 Bxd4+ 16. Rxd4 O-O 17. Re1 e6 18. Rd6 a5 19. Ra1 a4 20. Rxa4 Rxa4
21. Bxa4 Rd8 22. Ke3 Kf8 23. Kd4 Ke7 24. Kc5 h5 25. h4 f6 26. f4 Rg8 27. Rd3 d5
28. Bb3 1/2-1/2

[Event "ODEM U25B 2011"]
[Site "Oberhof GER"]
[Date "2011.06.14"]
[Round "4"]
[White "Edel, Fenja"]
[Black "Bauch, Florian"]
[Result "1-0"]
[Termination "normal"]
[Board "12"]
[WhiteElo "1537"]
[BlackElo "1306"]
[PlyCount "33"]
[WhiteFideId "24696749"]
[EventCountry "GER"]
[EventRounds "9"]
[EventType "swiss"]
[EventDate "2011.06.11"]

1. e4 e5 2. Nc3 Nf6 3. Bc4 Nc6 4. d3 b6 5. f4 Bb7 6. Nf3 Bd6 7. f5 Qe7 8. Bg5
Bb4 9. O-O Bxc3 10. bxc3 Qc5+ 11. Kh1 Nxe4 12. Bxf7+ Kxf7 13. dxe4 d6 14. Nh4
Kg8 15. f6 g6 16. f7+ Kf8 17. Bf6 1-0

[Event "ODEM U25B 2011"]
[Site "Oberhof GER"]
[Date "2011.06.14"]
[Round "4"]
[White "Puffay, Jana"]
[Black "Schumann, Rabea"]
[Result "0-1"]
[Termination "normal"]
[Board "13"]
[WhiteElo "1394"]
[BlackElo "1388"]
[PlyCount "60"]
[WhiteFideId "24692360"]
[BlackFideId "12918199"]
[EventCountry "GER"]
[EventRounds "9"]
[EventType "swiss"]
[EventDate "2011.06.11"]

1. e4 c5 2. Nc3 e6 3. Nf3 Nf6 4. g3 Nc6 5. Bg2 d6 6. O-O Be7 7. d3 Bd7 8. Bd2
O-O 9. Re1 Qc7 10. Ne2 Rfe8 11. Nf4 Bf8 12. c3 Rad8 13. d4 cxd4 14. cxd4 Qb6
15. Bc3 Ne7 16. Nd3 d5 17. Nfe5 dxe4 18. Bxe4 Ned5 19. Qd2 Nxc3 20. bxc3 Nxe4
21. Rxe4 f6 22. Nxd7 Rxd7 23. Rae1 g6 24. Qe2 Rde7 25. Nf4 Kf7 26. Kf1 Qc6 27.
Qb2 e5 28. Qb3+ Kg7 29. dxe5 Rxe5 30. Rxe5 Qh1+ 0-1

[Event "ODEM U25B 2011"]
[Site "Oberhof GER"]
[Date "2011.06.14"]
[Round "4"]
[White "Polert, Jesper"]
[Black "Mann, Jonas"]
[Result "0-1"]
[Termination "normal"]
[Board "14"]
[WhiteElo "809"]
[BlackElo "1381"]
[PlyCount "58"]
[BlackFideId "12900214"]
[EventCountry "GER"]
[EventRounds "9"]
[EventType "swiss"]
[EventDate "2011.06.11"]

1. e4 c5 2. Nf3 d6 3. Bb5+ Bd7 4. Bxd7+ Qxd7 5. O-O Nf6 6. d3 e6 7. Re1 Be7 8.
Nc3 Nc6 9. Bg5 a6 10. Qe2 O-O 11. Rad1 b5 12. d4 cxd4 13. Nxd4 b4 14. Nxc6 Qxc6
15. Nb1 a5 16. e5 dxe5 17. Qxe5 Qxc2 18. Rd2 Qc6 19. Qg3 Kh8 20. Rd4 Rfd8 21.
Rdd1 Rxd1 22. Rxd1 Ne4 23. Qf3 Bxg5 24. g3 f5 25. h4 Bf6 26. Qd3 g6 27. f3 Qc5+
28. Kg2 Qf2+ 29. Kh3 Qxg3# 0-1

[Event "ODEM U25B 2011"]
[Site "Oberhof GER"]
[Date "2011.06.14"]
[Round "4"]
[White "Eggert, André"]
[Black "Schlichter, Lisa"]
[Result "1-0"]
[Termination "normal"]
[Board "15"]
[WhiteElo "1517"]
[BlackElo "1069"]
[PlyCount "55"]
[WhiteFideId "1270464"]
[BlackFideId "12926396"]
[EventCountry "GER"]
[EventRounds "9"]
[EventType "swiss"]
[EventDate "2011.06.11"]

1. c4 e6 2. Nc3 d5 3. e3 Nf6 4. Nf3 Be7 5. b3 O-O 6. Bb2 b6 7. cxd5 exd5 8. Be2
Re8 9. O-O Bb7 10. Qc2 Nbd7 11. Bd3 Bd6 12. Nb5 Nf8 13. Ng5 c6 14. Bxf6 Qxf6
15. Nxd6 Qxd6 16. Bxh7+ Nxh7 17. Qxh7+ Kf8 18. Qh8+ Ke7 19. Qxg7 Rf8 20. Rfe1
Qd7 21. Nf3 Rae8 22. e4 Kd8 23. exd5 Rxe1+ 24. Rxe1 Re8 25. Rxe8+ Kxe8 26. Qe5+
Kd8 27. dxc6 Bxc6 28. Qd4 1-0

[Event "ODEM U25B 2011"]
[Site "Oberhof GER"]
[Date "2011.06.14"]
[Round "4"]
[White "Resch, Andreas"]
[Black "Reimann, Matthias"]
[Result "1-0"]
[Termination "normal"]
[Board "17"]
[WhiteElo "1351"]
[BlackElo "1541"]
[PlyCount "63"]
[BlackFideId "12928046"]
[EventCountry "GER"]
[EventRounds "9"]
[EventType "swiss"]
[EventDate "2011.06.11"]

1. e4 d6 2. d4 Nf6 3. Nc3 g6 4. Nf3 Bg7 5. Bf4 O-O 6. Bc4 c6 7. O-O Nh5 8. Be3
Nd7 9. Qd2 Qb6 10. Rab1 Qc7 11. Bh6 Nhf6 12. Bxg7 Kxg7 13. Rfe1 Nb6 14. Bb3 Bg4
15. Qf4 Bxf3 16. Qxf3 Nbd7 17. Qe3 e5 18. dxe5 dxe5 19. Rbd1 Nb6 20. Ne2 Rad8
21. c3 Nh5 22. Ng3 Nf4 23. Ne2 Nh5 24. Ng3 Nf6 25. Qg5 Nfd7 26. Nf5+ Kh8 27.
Nd6 f6 28. Qh6 Nc5 29. Nf7+ Rxf7 30. Rxd8+ Qxd8 31. Bxf7 Qd7 32. Qf8# 1-0

[Event "ODEM U25B 2011"]
[Site "Oberhof GER"]
[Date "2011.06.14"]
[Round "4"]
[White "Hartewig, Anja"]
[Black "Fabiunke, Jakob"]
[Result "1/2-1/2"]
[Termination "normal"]
[Board "18"]
[WhiteElo "1539"]
[BlackElo "1344"]
[PlyCount "81"]
[WhiteFideId "12917966"]
[BlackFideId "24686085"]
[EventCountry "GER"]
[EventRounds "9"]
[EventType "swiss"]
[EventDate "2011.06.11"]

1. d4 Nf6 2. c4 g6 3. Nc3 d5 4. Bg5 e6 5. cxd5 exd5 6. e3 Bg7 7. Bd3 O-O 8.
Nge2 c6 9. O-O Re8 10. Rc1 Nbd7 11. b4 a6 12. a4 b5 13. a5 Bb7 14. Rb1 Qe7 15.
h3 Rac8 16. Nc1 Qf8 17. Bf4 h6 18. Qc2 Red8 19. Be2 Qe7 20. Bf3 Ne8 21. Nd3 Nd6
22. Bxd6 Qxd6 23. Rbc1 Bf8 24. Nb1 Qf6 25. Nd2 Qe6 26. Nb3 Rc7 27. Nbc5 Nxc5
28. Nxc5 Bxc5 29. Qxc5 Qd6 30. Qxd6 Rxd6 31. Rc5 Rc8 32. Rfc1 Kf8 33. Kf1 Ke7
34. Ke2 Kd8 35. Kd3 h5 36. h4 Ke7 37. Rf1 Rcd8 38. g3 Bc8 39. Rfc1 Bb7 40. Be2
Ba8 41. Bf3 1/2-1/2

[Event "ODEM U25B 2011"]
[Site "Oberhof GER"]
[Date "2011.06.14"]
[Round "4"]
[White "Michalowski, Melina"]
[Black "Grimm, Tobias"]
[Result "0-1"]
[Termination "normal"]
[Board "19"]
[WhiteElo "1184"]
[BlackElo "1439"]
[PlyCount "134"]
[WhiteFideId "12902462"]
[EventCountry "GER"]
[EventRounds "9"]
[EventType "swiss"]
[EventDate "2011.06.11"]

1. d4 d6 2. e3 e5 3. c3 Nc6 4. Nd2 Nf6 5. Bd3 g6 6. b3 Qe7 7. Bb2 e4 8. Bc2 d5
9. f3 Bf5 10. f4 Bg4 11. Ne2 O-O-O 12. h3 Bxe2 13. Qxe2 h6 14. g4 Bg7 15. O-O-O
Qd7 16. Rdg1 g5 17. f5 Bf8 18. Kb1 Bd6 19. Rc1 Ne7 20. Qd1 Kb8 21. b4 c6 22.
Bb3 h5 23. Qe2 hxg4 24. hxg4 Rh7 25. Rxh7 Nxh7 26. Rh1 Rh8 27. Rh6 Qd8 28. Rh1
Nf6 29. Rxh8 Qxh8 30. Qg2 Qh4 31. Bd1 Qh2 32. Qxh2 Bxh2 33. c4 Bg1 34. Nf1 Neg8
35. cxd5 Nxd5 36. Bc1 Nxb4 37. Bd2 Nd5 38. Bb3 Ngf6 39. Bxd5 cxd5 40. Kc1 Nxg4
41. Ng3 Bxe3 42. Bxe3 Nxe3 43. Kd2 Nc4+ 44. Ke2 Kc7 45. Nf1 b5 46. Nh2 a5 47.
Ng4 Kd6 48. Kf2 b4 49. Ke2 a4 50. Kd1 b3 51. axb3 axb3 52. Kc1 b2+ 53. Kc2 e3
54. Nxe3 Nxe3+ 55. Kxb2 Nxf5 56. Kc3 g4 57. Kd3 g3 58. Ke2 Kc6 59. Kf3 Kb5 60.
Kg2 Kc4 61. Kf3 Kxd4 62. Kg2 Ke3 63. Kf1 d4 64. Kg2 d3 65. Kf1 d2 66. Kg1 Kf3
67. Kh1 d1=R# 0-1

[Event "ODEM U25B 2011"]
[Site "Oberhof GER"]
[Date "2011.06.14"]
[Round "4"]
[White "Titgemeyer, Eva Maria"]
[Black "Riedel, Erich"]
[Result "1-0"]
[Termination "normal"]
[Board "20"]
[WhiteElo "1361"]
[BlackElo "1137"]
[PlyCount "137"]
[WhiteFideId "24655350"]
[BlackFideId "12958646"]
[EventCountry "GER"]
[EventRounds "9"]
[EventType "swiss"]
[EventDate "2011.06.11"]

1. e4 e6 2. d4 d5 3. Nd2 Nf6 4. e5 Nfd7 5. Bd3 c5 6. c3 Nc6 7. Ne2 Qb6 8. Nf3
Be7 9. O-O O-O 10. Qd2 f6 11. exf6 Nxf6 12. h3 Qc7 13. Qe3 c4 14. Bc2 Bd6 15.
Ng5 Re8 16. f4 Bd7 17. b3 b5 18. Qf2 Ne7 19. Ng3 g6 20. Bd2 Nf5 21. Nxf5 exf5
22. Rae1 Kg7 23. Qh4 h6 24. Nf3 Be7 25. Qf2 Ne4 26. Bxe4 dxe4 27. Ne5 Bf6 28.
bxc4 bxc4 29. Qe2 Bxe5 30. fxe5 Be6 31. Qe3 g5 32. h4 Qe7 33. hxg5 hxg5 34.
Qxg5+ Qxg5 35. Bxg5 Kg6 36. Bf6 Rab8 37. Rb1 Kh5 38. Kf2 Kg4 39. Rh1 f4 40.
Rh4+ Kf5 41. Rh5+ Kg6 42. Rg5+ Kf7 43. Rg7+ Kf8 44. Rxb8 Rxb8 45. Rxa7 Bg4 46.
Be7+ Ke8 47. Bb4 e3+ 48. Ke1 Rb6 49. Rh7 Ra6 50. Rh4 Rg6 51. e6 Rg8 52. Bd6 f3
53. gxf3 Bxf3 54. Bh2 Ke7 55. Rf4 Bh5 56. Re4 e2 57. d5 Kf6 58. d6 Kf5 59. Re3
Rg2 60. d7 Rxh2 61. d8=Q Rh1+ 62. Kf2 Rf1+ 63. Kg2 e1=Q 64. Qd5+ Kg4 65. Qe4+
Rf4 66. Qxf4+ Kxf4 67. Rxe1 Bf3+ 68. Kf2 Bc6 69. e7 1-0

[Event "ODEM U25B 2011"]
[Site "Oberhof GER"]
[Date "2011.06.14"]
[Round "4"]
[White "Eggert, Daniela"]
[Black "Bauer, David"]
[Result "0-1"]
[Termination "normal"]
[Board "22"]
[WhiteElo "1041"]
[BlackElo "1531"]
[PlyCount "56"]
[WhiteFideId "12991490"]
[BlackFideId "12913197"]
[EventCountry "GER"]
[EventRounds "9"]
[EventType "swiss"]
[EventDate "2011.06.11"]

1. e4 e6 2. d4 d5 3. e5 c5 4. c3 Nc6 5. Nf3 Qb6 6. b3 cxd4 7. cxd4 Bb4+ 8. Bd2
Nxd4 9. Bxb4 Qxb4+ 10. Nbd2 Ne7 11. Nxd4 Qxd4 12. Nf3 Qc3+ 13. Ke2 b6 14. Qc1
Qxc1 15. Rxc1 Bd7 16. g3 Nc6 17. Bg2 Rc8 18. Rhe1 Ke7 19. Kf1 Nb4 20. a3 Nd3
21. Rxc8 Rxc8 22. Rd1 Rc3 23. Rb1 Bb5 24. Kg1 Nc5 25. a4 Bd3 26. Rb2 Rc1+ 27.
Bf1 Bxf1 28. Kh1 Be2+ 0-1

[Event "ODEM U25B 2011"]
[Site "Oberhof GER"]
[Date "2011.06.14"]
[Round "4"]
[White "Rose, Luis Stratos"]
[Black "Nabinger, Annalena"]
[Result "0-1"]
[Termination "normal"]
[Board "23"]
[WhiteElo "1024"]
[BlackElo "1233"]
[PlyCount "94"]
[WhiteFideId "12976008"]
[BlackFideId "12902225"]
[EventCountry "GER"]
[EventRounds "9"]
[EventType "swiss"]
[EventDate "2011.06.11"]

1. d4 Nf6 2. Nf3 g6 3. c4 Bg7 4. Nc3 d6 5. Bg5 Nbd7 6. g3 O-O 7. Bg2 Re8 8. O-O
e5 9. d5 Nc5 10. e4 c6 11. Rc1 Qb6 12. Bxf6 Bxf6 13. Qc2 Bd7 14. a3 a5 15. a4
Nb3 16. Rcd1 Bg4 17. Ne2 Rac8 18. Qb1 cxd5 19. cxd5 Rc4 20. Nc3 Nc5 21. Rde1
Nxa4 22. Nxa4 Rxa4 23. Rc1 Qb3 24. h3 Bxf3 25. Rc3 Qa2 26. Rxf3 Qxb1 27. Rxb1
Rc8 28. Rxf6 Rd8 29. f4 exf4 30. Rxf4 Rb4 31. Rf3 Rxe4 32. Rxf7 Kxf7 33. Bxe4
Re8 34. Bf3 Re3 35. Kf2 Rb3 36. Ra1 Rxb2+ 37. Be2 b6 38. Kf3 Rb3+ 39. Kg4 h5+
40. Kh4 Kf6 41. Rg1 a4 42. Bd1 Rb1 43. Rf1+ Kg7 44. g4 hxg4 45. Kxg4 a3 46. Rf3
a2 47. Bc2 Rb4+ 0-1

[Event "ODEM U25B 2011"]
[Site "Oberhof GER"]
[Date "2011.06.14"]
[Round "4"]
[White "Hoffmann, Rasmus"]
[Black "Cejda, Moritz"]
[Result "0-1"]
[Termination "normal"]
[Board "24"]
[WhiteElo "990"]
[BlackElo "1179"]
[PlyCount "24"]
[BlackFideId "12925152"]
[EventCountry "GER"]
[EventRounds "9"]
[EventType "swiss"]
[EventDate "2011.06.11"]

1. Nc3 e6 2. e4 d5 3. d4 c5 4. dxc5 Bxc5 5. exd5 Qb6 6. Ne4 Qb4+ 7. c3 Qxe4+ 8.
Ne2 exd5 9. Bf4 Nf6 10. Qd2 Nc6 11. Bg3 d4 12. O-O-O Bf5 0-1

[Event "ODEM U25B 2011"]
[Site "Oberhof GER"]
[Date "2011.06.14"]
[Round "4"]
[White "Neumann, Tiemon"]
[Black "Thumm, Niklas"]
[Result "1-0"]
[Termination "normal"]
[Board "25"]
[WhiteElo "1163"]
[BlackElo "1016"]
[PlyCount "43"]
[WhiteFideId "12925462"]
[BlackFideId "12918733"]
[EventCountry "GER"]
[EventRounds "9"]
[EventType "swiss"]
[EventDate "2011.06.11"]

1. e4 e5 2. Nf3 Nc6 3. Nc3 Nf6 4. a3 Bc5 5. Nxe5 Nxe5 6. d4 Bxd4 7. Qxd4 Nc6 8.
Qd1 d6 9. Bg5 h6 10. Bh4 Be6 11. Bb5 Qe7 12. O-O a6 13. Ba4 Bd7 14. Nd5 Qxe4
15. Re1 Be6 16. Nxc7+ Kd8 17. Bxf6+ gxf6 18. Qxd6+ Bd7 19. Rxe4 Rc8 20. Bxc6
Rxc7 21. Bxd7 Rc8 22. Bf5# 1-0

[Event "ODEM U25B 2011"]
[Site "Oberhof GER"]
[Date "2011.06.14"]
[Round "4"]
[White "Hölzer, Jeanette"]
[Black "Morio, Estelle"]
[Result "0-1"]
[Termination "normal"]
[Board "26"]
[WhiteElo "1108"]
[BlackElo "1012"]
[PlyCount "82"]
[WhiteFideId "12917982"]
[BlackFideId "12951951"]
[EventCountry "GER"]
[EventRounds "9"]
[EventType "swiss"]
[EventDate "2011.06.11"]

1. e4 d6 2. d4 Nf6 3. Nc3 Nbd7 4. f4 e5 5. Nf3 exd4 6. Nxd4 Be7 7. Qf3 c6 8.
Be2 Qb6 9. Nf5 Bf8 10. Qd3 Qc7 11. g4 g6 12. Ng3 h6 13. h4 Nc5 14. Qd1 Bg7 15.
Bf3 Bd7 16. Be3 O-O-O 17. Qe2 Be6 18. O-O Kb8 19. a4 a5 20. Rfb1 Na6 21. Ra3
Qd7 22. f5 gxf5 23. gxf5 Bxf5 24. exf5 Rde8 25. Qd2 Bf8 26. Qd4 Be7 27. Qa7+
Kc8 28. Bb6 Nc7 29. Qxa5 Rhg8 30. Kh2 d5 31. Rb3 Qd6 32. Bxc7 Qxc7 33. Qxc7+
Kxc7 34. Rg1 Bd6 35. Nce2 Ne4 36. Bxe4 Rxe4 37. Rg2 Rxh4+ 38. Kg1 Bc5+ 39. Kf1
Rxa4 40. Nh5 Ra1+ 41. Nc1 Rxc1+ 0-1

[Event "ODEM U25B 2011"]
[Site "Oberhof GER"]
[Date "2011.06.14"]
[Round "4"]
[White "Hoppe, Michael"]
[Black "Granzin, David"]
[Result "1-0"]
[Termination "normal"]
[Board "28"]
[WhiteElo "1098"]
[BlackElo "975"]
[PlyCount "77"]
[WhiteFideId "12928747"]
[BlackFideId "12922145"]
[EventCountry "GER"]
[EventRounds "9"]
[EventType "swiss"]
[EventDate "2011.06.11"]

1. d4 d5 2. Bf4 Bf5 3. Nc3 Nf6 4. f3 Nc6 5. Qd2 e6 6. O-O-O Bd6 7. Bxd6 cxd6 8.
e3 O-O 9. h4 h6 10. g4 Bg6 11. Qg2 Rc8 12. Be2 e5 13. g5 hxg5 14. hxg5 Nh7 15.
Qh2 Qxg5 16. Nxd5 Ne7 17. Nxe7+ Qxe7 18. Bd3 f5 19. Ne2 Qc7 20. c3 Nf6 21. Rdg1
Bh5 22. Ng3 Bxf3 23. Nxf5 Bxh1 24. Rxg7+ Qxg7 25. Nxg7 Kxg7 26. Qxh1 Rh8 27.
Qxb7+ Kh6 28. Qf7 Rhg8 29. Qxf6+ Kh5 30. Be2+ Rg4 31. Bxg4+ Kxg4 32. Qe6+ Kf3
33. Qxc8 Kxe3 34. Qc7 e4 35. Qxd6 Kd3 36. Kd1 e3 37. Qe5 a5 38. d5 Kc4 39. d6
1-0

[Event "ODEM U25B 2011"]
[Site "Oberhof GER"]
[Date "2011.06.14"]
[Round "4"]
[White "Scholz, Richard"]
[Black "Maiwald, Lars"]
[Result "0-1"]
[Termination "normal"]
[Board "29"]
[WhiteElo "1097"]
[BlackElo "940"]
[PlyCount "64"]
[BlackFideId "12958999"]
[EventCountry "GER"]
[EventRounds "9"]
[EventType "swiss"]
[EventDate "2011.06.11"]

1. e4 c6 2. Nc3 d5 3. Nf3 dxe4 4. Nxe4 Nd7 5. d4 Ngf6 6. Nxf6+ Nxf6 7. Bc4 Bg4
8. Be3 e6 9. h3 Bh5 10. g4 Bg6 11. Ne5 Be4 12. f3 Bd5 13. Bg5 Be7 14. Qd3 Bxc4
15. Qxc4 O-O 16. O-O-O Rc8 17. h4 Nd5 18. f4 Bxg5 19. hxg5 f6 20. g6 fxe5 21.
Rxh7 Nxf4 22. Qxe6+ Nxe6 23. Rdh1 Qg5+ 24. Kb1 Qxg6 25. Rh8+ Kf7 26. Rf1+ Ke7
27. Rhxf8 Rxf8 28. Rxf8 Kxf8 29. a3 Nxd4 30. g5 Ke7 31. b4 Qxc2+ 32. Ka1 Nb3#
0-1